| 000 | 01246nam0a22003131 4500 | ||
|---|---|---|---|
| 001 | RU\INFOCOMM_322\NLR\5000215366 | ||
| 005 | 20260408071635.0 | ||
| 035 | _a(NLR Aleph) 009598965 | ||
| 090 |
_a9298429 _c9298429 |
||
| 100 | _a20130306d1967 |||y0rusy50 ca | ||
| 101 | 0 | _aeng | |
| 102 | _aRU | ||
| 105 | _ay z ||||| | ||
| 200 | 1 |
_aPeak discharge and time of concentration relation to rain intensity investigated by physical models of watersheds _f[By] J. Nemec [and] M. Moudrý ... _gUnited Nations educational, scientific and cultural organization. International symposium on floods and their computation, 15-22 Aug., 1967, Leningrad ... |
|
| 210 |
_aL. _d1967 |
||
| 215 |
_a[2], 10 Ñ. _d24 Ñм |
||
| 309 | _aÐÑпеÑ. множиÑ. аппаÑаÑом | ||
| 320 | _aÐиблиогÑ.: Ñ. 8-10 | ||
| 620 | _aСанкÑ-ÐеÑеÑбÑÑг | ||
| 686 |
_aÐн-431 _2rubbk |
||
| 700 | 1 |
_aNemec _bJ. _gJaromir |
|
| 701 | 1 |
_aMoudrý _bM. _gMiloslav |
|
| 712 | 0 | 2 |
_4570 _8por _aUNESCO _7ba _3RU\NLR\AUTH\8810053837 _9608111 |
| 712 | 1 | 2 |
_aInternational symposium on floods and their computation _eLeningrad _f1967 _4570 |
| 801 | 1 |
_aRU _bInfocomm _c20130306 |
|
| 801 | 0 |
_aRU _bINFOCOMM _gPSBO |
|
| 852 |
_aNLR _jÐн11 Ð-8/7 |
||
| 942 | _cBOOK | ||
| 980 | _aNB | ||